000 00450nam a22001937a 4500
003 bpm
005 20260407095540.0
008 260407b |||||||| |||| 00| p spa d
020 _a9789876193603
024 _aS. C. C. / M. C. y E. M.:
040 _aAR-CtUCP
041 _aspa
080 _aCDU
100 _aMontenegro Rosalía
245 _aSobre un carrusel de barro
650 _aLiteratura - Poesía
942 _cLIB
999 _c76609
_d76609